Las minas del Rey Salomón / (Registro nro. 38425)
[ vista simple ]
| 000 -CABECERA | |
|---|---|
| Longitud fija campo de control | 00998cam a2200325 a 4500 |
| 003 - • IDENTIFICADOR DELl NÚMERO DE CONTROL | |
| Identificador del número de control | CO-BoRNBP |
| 005 - • FECHA Y HORA DE LA ÚLTIMA TRANSACCIÓN | |
| Fecha y hora de la última transacción | 20241010153641.0 |
| 007 - • CAMPO FIJO DE DESCRIPCIÓN FÍSICA | |
| Campo fijo de descripción física | ta |
| 008 - • CÓDIGOS DE INFORMACIÓN DE LONGITUD FIJA | |
| Códigos de información de longitud fija | 010515s2001 sp a r 00011 spa d |
| 020 ## - • NÚMERO INTERNACIONAL NORMALIZADO PARA LIBROS | |
| Número Internacional Normalizado para Libros (ISBN) | 8420639362 |
| 040 ## - FUENTE DE LA CATALOGACIÓN | |
| Centro catalogador de origen | la |
| Centro transcriptor | la |
| 041 1# - • CÓDIGO DE LENGUA | |
| Código de lengua del texto/banda sonora o título independiente | spa |
| Código de lengua original | eng |
| 043 ## - CÓDIGO DE ÁREA GEOGRÁFICA | |
| Código de área geográfica | e-uk-en |
| 084 ## - • Clasificación Local Alfanúmerica PNLB | |
| Número de clasificación | H HAG1 |
| 100 1# - • PUNTO DE ACCESO PRINCIPAL-NOMBRE DE PERSONA | |
| Nombre de persona | Haggard, Henry Rider, |
| Fechas asociadas al nombre | 1856-1925. |
| 245 14 - • TITULO PROPIAMENTE DICHO | |
| Título | Las minas del Rey Salomón / |
| Mención de responsabilidad, etc. | Henry Rider Haggard ; traductora Flora Casas ; ilustraciones de Walter Paget. |
| 250 ## - • MENCIÓN DE EDICIÓN | |
| Mención de edición | 1a. edición |
| 300 ## - • DESCRIPCIÓN FÍSICA | |
| Extensión | 283 p. ; |
| Dimensiones | 18 cm. |
| 336 ## - TIPO DE CONTENIDO | |
| Fuente | rdacontent |
| Término de tipo de contenido | texto |
| Código de tipo de contenido | txt |
| 337 ## - TIPO DE MEDIO | |
| Fuente | rdamedia |
| Nombre del tipo de medio | sin mediación |
| Código del tipo de medio | n |
| 338 ## - TIPO DE SOPORTE | |
| Fuente | rdacarrier |
| Nombre del tipo de soporte | volumen |
| Código del tipo de soporte | nc |
| 534 ## - • Nota De Versión Original | |
| Título | King solomons mines. |
| 650 #7 - • PUNTO DE ACCESO ADICIONAL DE MATERIA - TÉRMINO DE MATERIA | |
| Término de materia o nombre geográfico como elemento inicial | Novela inglesa. |
| Fuente del encabezamiento o término | BLAAUTO |
| 650 #7 - • PUNTO DE ACCESO ADICIONAL DE MATERIA - TÉRMINO DE MATERIA | |
| Término de materia o nombre geográfico como elemento inicial | Cuentos de aventuras. |
| Fuente del encabezamiento o término | BLAAUTO |
| 700 1# - • PUNTO DE ACCESO ADICIONAL - NOMBRE DE PERSONA | |
| Nombre de persona | Casas, Flora, |
| Término indicativo de función | tr. |
| 700 1# - • PUNTO DE ACCESO ADICIONAL - NOMBRE DE PERSONA | |
| Nombre de persona | Paget, Walter, |
| Término indicativo de función | il. |
| 830 #0 - • PUNTO DE ACCESO ADICIONAL DE SERIE - TÍTULO UNIFORME | |
| Título uniforme | Lista Básica-Bibliotécas Públicas 1. |
| 942 ## - ENTRADA DE ELEMENTOS AGREGADOS (KOHA) | |
| Fuente de clasificaión o esquema | Dewey Decimal Classification |
| Koha [por defecto] tipo de item | Libro Literatura |
| 949 ## - TRATAMIENTO DE LA INFORMACIÓN LOCAL (OCLC) | |
| a | n |
| b | n |
| Perdido | Fuente de clasificación o esquema | Estado Físico | No para préstamo | Forma de adquisición | Localización permanente | Localización actual | Localización en estanterías | Fecha adquisición | Préstamos totales | Signatura completa | Código de barras | Fecha última consulta | Número de copia | Fecha del precio de reemplazo | Tipo de item de Koha |
|---|---|---|---|---|---|---|---|---|---|---|---|---|---|---|---|
| Dewey Decimal Classification | Colección General | Biblioteca Pública Lejanias | Biblioteca Pública Lejanias | General | 02/18/2026 | H HAG1 | LEJ02314 | 02/18/2026 | Ej.1 | 02/18/2026 | Libro Literatura | ||||
| Dewey Decimal Classification | Colección General | Biblioteca Pública Guamal | Biblioteca Pública Guamal | Literatura | 10/10/2024 | N HAG1 | GUA004218 | 10/10/2024 | Ej.1 | 10/10/2024 | Libro Literatura | ||||
| Dewey Decimal Classification | Biblioteca Pública La Macarena | Biblioteca Pública La Macarena | 08/22/2025 | N HAG1 | LM02981 | 08/22/2025 | Ej.1 | 08/22/2025 | Libro Literatura |